000 00756nam a2200313Ia 4500
008 170203s9999 xx 000 0 und d
020 _a0-590472739
050 _aFic
050 _bL763l
100 _aLionni, Leo.
245 2 _aA busy year /
245 _cLeo Lionni.
260 _aNew York :
260 _bScholastic,
260 _c1993
300 _a1 volume (unpaged) :
300 _bcolor illustrations ;
300 _c30 x 14 cm
650 _aFriendship --
650 _aMice --
650 _aMonths --
650 _aSeasons --
650 _aTrees --
650 _xJuvenile fiction.
650 _xJuvenile fiction.
650 _xJuvenile fiction.
650 _xJuvenile fiction.
650 _xJuvenile fiction.
999 _c306306
_d306306